[Event "2. BUNDESLIGA MITTE 2014/2015"]
[Site "Aschach"]
[Date "2014.10.04"]
[Round "2"]
[Board "6"]
[White "Stradner, Stefan"]
[Black "Wanderer, Thomas"]
[Result "1-0"]
[WhiteElo "2190"]
[BlackElo "2164"]
[PlyCount "97"]
[EventDate "2014.10.03"]
[EventType "team"]
[EventRounds "11"]
[EventCountry "AUT"]
[WhiteTeam "Spg.Sparkasse Fuerstenfeld/Hartberg"]
[BlackTeam "RbEJ Gleisdorf"]

1. Nf3 d6 2. d4 Nd7 3. e4 e5 4. Nc3 Be7 5. Bc4 exd4 6. Nxd4 Ne5 7. Bb3 Nf6 8.
f4 Ng6 9. h3 O-O 10. Be3 Re8 11. Qd3 a6 12. O-O-O c5 13. Nf5 b5 14. Bd5 Ra7 15.
Bc6 Bd7 16. Bxd7 Rxd7 17. Nd5 Nxd5 18. Qxd5 Nf8 19. Rhe1 Ne6 20. Qc6 Bf8 21.
Qxa6 g6 22. Ng3 Bg7 23. Ne2 b4 24. Qc6 Qe7 25. e5 Nd8 26. Qd5 Nb7 27. Ng3 Red8
28. Qc6 dxe5 29. Rxd7 Qxd7 30. Qxd7 Rxd7 31. fxe5 Bxe5 32. Ne4 c4 33. Nd2 Na5
34. Nf3 Bg7 35. Bc5 h5 36. Bxb4 Nc6 37. Re8+ Kh7 38. Bd2 f6 39. Rc8 Rd6 40. Rc7
Kg8 41. a4 g5 42. a5 g4 43. hxg4 hxg4 44. Nh4 Nd4 45. Be3 Ne2+ 46. Kb1 Ra6 47.
Bb6 c3 48. b4 Nf4 49. Rc8+ 1-0

[Event "2. BUNDESLIGA MITTE 2014/2015"]
[Site "Aschach"]
[Date "2014.10.05"]
[Round "3"]
[Board "1"]
[White "Schmidt, Peter"]
[Black "Felsberger, Alfred"]
[Result "1-0"]
[WhiteElo "2388"]
[BlackElo "2342"]
[PlyCount "85"]
[EventDate "2014.10.03"]
[EventType "team"]
[EventRounds "11"]
[EventCountry "AUT"]
[WhiteTeam "Spg. Sauwald"]
[BlackTeam "Union Ansfelden"]

1. Nf3 Nf6 2. g3 d5 3. Bg2 c6 4. c4 Bf5 5. cxd5 cxd5 6. Qb3 Qb6 7. Qxb6 axb6 8.
Nc3 e6 9. Nb5 Na6 10. d3 Bc5 11. Nfd4 Bg6 12. f4 O-O 13. Be3 Rfc8 14. a3 Nb4
15. Kd2 Nc6 16. Bf3 h5 17. h3 Ne4+ 18. dxe4 dxe4 19. Bxh5 Bxh5 20. Nxc6 bxc6
21. Bxc5 bxc5 22. Nc3 Rcb8 23. Ra2 Bg6 24. Ke3 Kf8 25. Rd1 Rb3 26. Rd7 Rab8 27.
a4 Ke8 28. Rc7 R8b6 29. Ra7 Rxb2 30. a5 Rb7 31. Ra8+ Rb8 32. Rxb8+ Rxb8 33. Na4
c4 34. Nb6 c3 35. Rc2 Kd8 36. Kd4 Kc7 37. Rxc3 Rd8+ 38. Kc4 Kb7 39. Na4 Ra8 40.
Nc5+ Kc7 41. a6 f6 42. Rb3 Kc8 43. Rb7 1-0

[Event "2. BUNDESLIGA MITTE 2014/2015"]
[Site "Aschach"]
[Date "2014.10.05"]
[Round "3"]
[Board "2"]
[White "Ennsberger, Ulrich"]
[Black "Renner, Christoph"]
[Result "1-0"]
[WhiteElo "2343"]
[BlackElo "2351"]
[PlyCount "81"]
[EventDate "2014.10.03"]
[EventType "team"]
[EventRounds "11"]
[EventCountry "AUT"]
[WhiteTeam "Union Ansfelden"]
[BlackTeam "Spg. Sauwald"]

1. c4 f5 2. Nc3 Nf6 3. d3 e5 4. Nf3 Nc6 5. g3 Bb4 6. Bg2 O-O 7. O-O Bxc3 8.
bxc3 d6 9. Rb1 Qe8 10. Ne1 Qh5 11. f4 e4 12. Nc2 b6 13. Ne3 Be6 14. Nd5 Nxd5
15. cxd5 Bxd5 16. c4 Be6 17. dxe4 fxe4 18. Rb5 Qe8 19. Bxe4 Bxc4 20. Bxh7+ Kxh7
21. Qc2+ Kh8 22. Qxc4 Nd4 23. Rg5 Nxe2+ 24. Kf2 Nxc1 25. Rxc1 c5 26. f5 Rf6 27.
Re1 Qf7 28. Qf4 Rh6 29. h4 Rf8 30. g4 Rxh4 31. Qxd6 Rh6 32. Qf4 Qxa2+ 33. Re2
Qf7 34. Kg3 c4 35. Qe5 Rc8 36. Rg6 Kh7 37. g5 Rh1 38. Rh2+ Rxh2 39. Kxh2 Qc7
40. Rd6 Qc5 41. Rh6+ 1-0

[Event "2. BUNDESLIGA MITTE 2014/2015"]
[Site "Aschach"]
[Date "2014.10.05"]
[Round "3"]
[Board "3"]
[White "Hiermann, Dietmar"]
[Black "Moser, Guenter"]
[Result "1/2-1/2"]
[WhiteElo "2290"]
[BlackElo "2352"]
[PlyCount "71"]
[EventDate "2014.10.03"]
[EventType "team"]
[EventRounds "11"]
[EventCountry "AUT"]
[WhiteTeam "Spg. Sauwald"]
[BlackTeam "Union Ansfelden"]

1. e4 c6 2. d4 d5 3. exd5 cxd5 4. Bd3 Nc6 5. c3 Nf6 6. Bf4 a6 7. Nd2 Bg4 8.
Ngf3 e6 9. h3 Bh5 10. Qc2 Bg6 11. Bxg6 hxg6 12. O-O Rc8 13. Qd3 Be7 14. Rfe1
O-O 15. g4 Nh7 16. Bg3 g5 17. Kg2 Qd7 18. Rh1 f5 19. Ne5 Nxe5 20. Bxe5 Rf7 21.
Rae1 Nf8 22. f4 gxf4 23. Bxf4 Bd6 24. Bg5 Rc7 25. Rhf1 Rc8 26. Qe3 Qb5 27. Rb1
Re8 28. Nf3 Qa4 29. a3 Qc2+ 30. Qf2 Qxf2+ 31. Rxf2 fxg4 32. hxg4 Ng6 33. Rbf1
Ref8 34. Ne1 Rxf2+ 35. Rxf2 Rxf2+ 36. Kxf2 1/2-1/2

[Event "2. BUNDESLIGA MITTE 2014/2015"]
[Site "Aschach"]
[Date "2014.10.05"]
[Round "3"]
[Board "4"]
[White "Weiss, Christian"]
[Black "Testor, Sebastian"]
[Result "0-1"]
[WhiteElo "2382"]
[BlackElo "2286"]
[PlyCount "86"]
[EventDate "2014.10.03"]
[EventType "team"]
[EventRounds "11"]
[EventCountry "AUT"]
[WhiteTeam "Union Ansfelden"]
[BlackTeam "Spg. Sauwald"]

1. c4 Nf6 2. g3 c6 3. Nf3 d5 4. Qc2 Bg4 5. Bg2 e6 6. O-O Be7 7. d3 O-O 8. Nbd2
Nbd7 9. h3 Bh5 10. g4 Bg6 11. Nh4 Rc8 12. Nxg6 hxg6 13. Rb1 a5 14. b3 b5 15.
Nf3 Qb6 16. Bf4 Rfe8 17. e4 Bc5 18. e5 Nh7 19. Rfd1 g5 20. Bc1 Be7 21. Be3 Qb8
22. Qb2 Nhf8 23. cxb5 cxb5 24. d4 f6 25. exf6 gxf6 26. Rbc1 Rxc1 27. Rxc1 Rc8
28. Bf1 b4 29. Bd3 Kf7 30. Rc2 Bd6 31. Qc1 Rxc2 32. Qxc2 Qc7 33. Qxc7 Bxc7 34.
h4 gxh4 35. Nxh4 Bb6 36. Kg2 e5 37. Nf5 Ke6 38. Bb5 Bc7 39. Bh6 Ng6 40. Ng7+
Ke7 41. Nf5+ Ke6 42. Ng7+ Ke7 43. g5 Bd8 0-1

[Event "2. BUNDESLIGA MITTE 2014/2015"]
[Site "Aschach"]
[Date "2014.10.05"]
[Round "3"]
[Board "5"]
[White "Hellmayr, Alois"]
[Black "Mostbauer, Maximilian"]
[Result "1-0"]
[WhiteElo "2237"]
[BlackElo "2184"]
[PlyCount "103"]
[EventDate "2014.10.03"]
[EventType "team"]
[EventRounds "11"]
[EventCountry "AUT"]
[WhiteTeam "Spg. Sauwald"]
[BlackTeam "Union Ansfelden"]

1. d4 Nf6 2. Nf3 g6 3. g3 Bg7 4. Bg2 O-O 5. O-O d6 6. Re1 Nbd7 7. e4 e5 8. dxe5
dxe5 9. Nbd2 Qe7 10. b3 b6 11. a4 Ba6 12. Ba3 c5 13. Bb2 Rfd8 14. Bf1 Bb7 15.
Qe2 Ne8 16. Nc4 f6 17. Nfd2 Bh6 18. Red1 Nf8 19. a5 b5 20. a6 Bc8 21. Ne3 Nc7
22. Nd5 Nxd5 23. exd5 Rb8 24. Ne4 Nd7 25. Bg2 Rb6 26. d6 Qf8 27. Nc3 Bxa6 28.
Nd5 Rxd6 29. Nc7 Nb8 30. Bd5+ Kh8 31. Ne6 Qe7 32. Nxd8 Qxd8 33. c4 b4 34. Qe4
Qd7 35. Re1 Bg7 36. Qe3 Qc7 37. f4 Nd7 38. fxe5 fxe5 39. Rf1 Bf6 40. g4 Qd8 41.
Rf2 Qe7 42. Qe4 g5 43. Bc6 Nb8 44. Rxf6 Nxc6 45. Rxd6 Qxd6 46. Rxa6 Qd1+ 47.
Kf2 Qd2+ 48. Qe2 Qf4+ 49. Kg2 Nd4 50. Bxd4 cxd4 51. Re6 d3 52. Qxe5+ 1-0

[Event "2. BUNDESLIGA MITTE 2014/2015"]
[Site "Aschach"]
[Date "2014.10.05"]
[Round "3"]
[Board "6"]
[White "Mostbauer, Florian"]
[Black "Taggatz, Mario"]
[Result "1-0"]
[WhiteElo "2189"]
[BlackElo "2193"]
[PlyCount "143"]
[EventDate "2014.10.03"]
[EventType "team"]
[EventRounds "11"]
[EventCountry "AUT"]
[WhiteTeam "Union Ansfelden"]
[BlackTeam "Spg. Sauwald"]

1. c4 f5 2. g3 Nf6 3. Bg2 d6 4. d4 e6 5. Nc3 Be7 6. e3 O-O 7. Nge2 e5 8. b3 c6
9. O-O Na6 10. e4 exd4 11. Nxd4 fxe4 12. Nxe4 Nxe4 13. Bxe4 Nc5 14. Bg2 Bf6 15.
Bb2 Qb6 16. Qd2 a5 17. Rae1 a4 18. b4 a3 19. Ba1 Na4 20. Nb3 Nb2 21. Qxd6 Bf5
22. Qc5 Qxc5 23. Nxc5 Rf7 24. Ne4 Nxc4 25. Nxf6+ gxf6 26. Rc1 Be6 27. Rfe1 Bd5
28. Red1 Bxg2 29. Kxg2 b5 30. Rd3 Re8 31. Kf1 Rfe7 32. Bxf6 Re2 33. Rxc4 bxc4
34. Rxa3 Re1+ 35. Kg2 Rb1 36. Ra6 Rxb4 37. Rxc6 Re2 38. a3 Ra4 39. Bc3 Rxa3 40.
Rxc4 Raa2 41. Rg4+ Kf7 42. Rf4+ Kg8 43. Bd4 Re7 44. Rg4+ Kf7 45. Kf3 Ra3+ 46.
Be3 Re6 47. Rb4 h5 48. Rb5 Rf6+ 49. Kg2 h4 50. g4 Ra4 51. h3 Ra2 52. Rb7+ Ke6
53. Rh7 Kd5 54. Rxh4 Re6 55. Kf3 Rf6+ 56. Kg3 Rf7 57. Rh8 Ke4 58. Re8+ Kd3 59.
h4 Ra1 60. Rd8+ Kc4 61. Rd4+ Kc3 62. Rf4 Rg1+ 63. Kf3 Rh7 64. h5 Kd3 65. Rf6
Rg7 66. Rd6+ Kc4 67. Rg6 Rf7+ 68. Ke4 Re1 69. Rc6+ Kb5 70. Rc5+ Kb4 71. Rf5 Rg7
72. g5 1-0

[Event "2. BUNDESLIGA MITTE 2014/2015"]
[Site "Aschach"]
[Date "2014.10.05"]
[Round "3"]
[Board "1"]
[White "Flumbort, Andras"]
[Black "Kociscak, Jiri"]
[Result "1/2-1/2"]
[WhiteElo "2462"]
[BlackElo "2470"]
[PlyCount "59"]
[EventDate "2014.10.03"]
[EventType "team"]
[EventRounds "11"]
[EventCountry "AUT"]
[WhiteTeam "ASK St. Valentin"]
[BlackTeam "SV Steyregg"]

1. d4 f5 2. c4 Nf6 3. g3 g6 4. Bg2 Bg7 5. Nf3 d6 6. Nc3 O-O 7. O-O c6 8. Rb1 a5
9. b3 Na6 10. d5 e5 11. dxe6 Bxe6 12. Nd4 Bf7 13. Bb2 Re8 14. e3 Qe7 15. Qd2
Nc5 16. Rfd1 Rad8 17. Rbc1 Nfe4 18. Qe2 h6 19. Nf3 Nf6 20. Qc2 Na6 21. Nd4 d5
22. cxd5 Nb4 23. Qe2 Nbxd5 24. Nf3 Nb4 25. Ba1 Ng4 26. h3 Ne5 27. Ne1 Rxd1 28.
Rxd1 Rd8 29. Rxd8+ Qxd8 30. Bf1 1/2-1/2

[Event "2. BUNDESLIGA MITTE 2014/2015"]
[Site "Aschach"]
[Date "2014.10.05"]
[Round "3"]
[Board "2"]
[White "Velicka, Petr"]
[Black "Sandhoefner, Florian"]
[Result "1/2-1/2"]
[WhiteElo "2412"]
[BlackElo "2336"]
[PlyCount "55"]
[EventDate "2014.10.03"]
[EventType "team"]
[EventRounds "11"]
[EventCountry "AUT"]
[WhiteTeam "SV Steyregg"]
[BlackTeam "ASK St. Valentin"]

1. e4 c5 2. Nf3 d6 3. Bb5+ Bd7 4. Bxd7+ Qxd7 5. c4 Nc6 6. Nc3 Nf6 7. O-O g6 8.
d4 cxd4 9. Nxd4 Bg7 10. Nde2 O-O 11. f3 e6 12. Bg5 Qc7 13. Rb1 a6 14. Kh1 Rfc8
15. Qd2 Qa5 16. a4 Ne8 17. Rfd1 Rc7 18. b3 Rac8 19. Be3 f5 20. Nd4 Nxd4 21.
Bxd4 Bxd4 22. Qxd4 Qc5 23. Qd3 Rd8 24. Ne2 Nf6 25. exf5 exf5 26. Qc2 Re7 27. b4
Qc7 28. Nd4 {Rest unleserlich. Remis im 48. Zug.} 1/2-1/2

[Event "2. BUNDESLIGA MITTE 2014/2015"]
[Site "Aschach"]
[Date "2014.10.05"]
[Round "3"]
[Board "3"]
[White "Kranzl, Peter"]
[Black "Enoeckl, Philipp"]
[Result "1/2-1/2"]
[WhiteElo "2215"]
[BlackElo "2349"]
[PlyCount "64"]
[EventDate "2014.10.03"]
[EventType "team"]
[EventRounds "11"]
[EventCountry "AUT"]
[WhiteTeam "ASK St. Valentin"]
[BlackTeam "SV Steyregg"]

1. e4 e6 2. d4 d5 3. exd5 exd5 4. Bd3 Bd6 5. Qf3 c6 6. Ne2 Qf6 7. Qxf6 Nxf6 8.
Bf4 Bxf4 9. Nxf4 O-O 10. O-O b6 11. Nd2 Ba6 12. Rfe1 Bxd3 13. Nxd3 Nbd7 14. c3
Rfe8 15. Rxe8+ Rxe8 16. Re1 Rxe1+ 17. Nxe1 Ne4 18. Nxe4 dxe4 19. f3 exf3 20.
Nxf3 f6 21. Kf2 Kf7 22. Ke3 Ke6 23. Ke4 b5 24. Ne1 h5 25. Nd3 g5 26. h4 a5 27.
b3 a4 28. bxa4 bxa4 29. c4 Nb6 30. Nc5+ Kd6 31. hxg5 fxg5 32. Kf5 Nxc4 1/2-1/2

[Event "2. BUNDESLIGA MITTE 2014/2015"]
[Site "Aschach"]
[Date "2014.10.05"]
[Round "3"]
[Board "4"]
[White "Kirschner, Alexander"]
[Black "Theuretzbacher, Klaus"]
[Result "1/2-1/2"]
[WhiteElo "2224"]
[BlackElo "2240"]
[PlyCount "30"]
[EventDate "2014.10.03"]
[EventType "team"]
[EventRounds "11"]
[EventCountry "AUT"]
[WhiteTeam "SV Steyregg"]
[BlackTeam "ASK St. Valentin"]

1. c4 c5 2. Nc3 Nf6 3. g3 g6 4. Bg2 Bg7 5. Nf3 O-O 6. d4 cxd4 7. Nxd4 Nc6 8.
O-O Nxd4 9. Qxd4 d6 10. Qd3 a6 11. Be3 Rb8 12. Ba7 Ra8 13. Be3 Rb8 14. Ba7 Ra8
15. Be3 Rb8 1/2-1/2

[Event "2. BUNDESLIGA MITTE 2014/2015"]
[Site "Aschach"]
[Date "2014.10.05"]
[Round "3"]
[Board "5"]
[White "Tober, Gerhard"]
[Black "Wiesinger, Robert"]
[Result "1/2-1/2"]
[WhiteElo "2229"]
[BlackElo "2191"]
[PlyCount "59"]
[EventDate "2014.10.03"]
[EventType "team"]
[EventRounds "11"]
[EventCountry "AUT"]
[WhiteTeam "ASK St. Valentin"]
[BlackTeam "SV Steyregg"]

1. d4 d5 2. Nf3 c6 3. e3 Bg4 4. c4 e6 5. Qb3 Qb6 6. Nbd2 Nd7 7. Bd3 Ngf6 8. O-O
Be7 9. Qxb6 axb6 10. b3 O-O 11. a4 Rfe8 12. Ba3 Bxa3 13. Rxa3 e5 14. Nxe5 Nxe5
15. dxe5 Rxe5 16. h3 Bh5 17. Raa1 Rd8 18. g4 Bg6 19. Bxg6 hxg6 20. Rfd1 Re7 21.
g5 Ne8 22. Nf3 Red7 23. Ne5 Rd6 24. Rdb1 d4 25. exd4 Rxd4 26. Kg2 Nc7 27. a5
bxa5 28. Rxa5 Ne6 29. Ra7 Re4 30. Nf3 1/2-1/2

[Event "2. BUNDESLIGA MITTE 2014/2015"]
[Site "Aschach"]
[Date "2014.10.05"]
[Round "3"]
[Board "6"]
[White "Pierecker, Markus"]
[Black "Heimberger, Reinhard"]
[Result "1-0"]
[WhiteElo "2152"]
[BlackElo "2254"]
[PlyCount "67"]
[EventDate "2014.10.03"]
[EventType "team"]
[EventRounds "11"]
[EventCountry "AUT"]
[WhiteTeam "SV Steyregg"]
[BlackTeam "ASK St. Valentin"]

1. e4 c5 2. Nf3 d6 3. d4 cxd4 4. Nxd4 Nf6 5. Nc3 a6 6. f3 e6 7. Be3 b5 8. Qd2
Be7 9. g4 h6 10. O-O-O Bb7 11. h4 Nfd7 12. Bd3 Nc6 13. Nxc6 Bxc6 14. g5 Ne5 15.
f4 Nxd3+ 16. Qxd3 b4 17. Qc4 Qc7 18. Qxb4 Rb8 19. Qd4 e5 20. Qc4 Qb7 21. b3 Rc8
22. Qd3 Qb4 23. Nd5 Bxd5 24. exd5 exf4 25. Bd4 hxg5 26. hxg5 Rg8 27. Rhe1 Kf8
28. Qf5 Qb7 29. g6 Bf6 30. gxf7 Rh8 31. Bxf6 gxf6 32. Qxf6 Rh2 33. Re8+ Rxe8
34. fxe8=Q+ 1-0

[Event "2. BUNDESLIGA MITTE 2014/2015"]
[Site "Aschach"]
[Date "2014.10.05"]
[Round "3"]
[Board "1"]
[White "Burlacu, Bogdan"]
[Black "Pilaj, Herwig"]
[Result "1/2-1/2"]
[WhiteElo "2309"]
[BlackElo "2388"]
[PlyCount "60"]
[EventDate "2014.10.03"]
[EventType "team"]
[EventRounds "11"]
[EventCountry "AUT"]
[WhiteTeam "Union Hartkirchen - Sektion Schach"]
[BlackTeam "SC Die Klagenfurter"]

1. e4 c5 2. Nf3 e6 3. g3 d5 4. Nc3 Nf6 5. d3 Nc6 6. Bg2 dxe4 7. Nxe4 Be7 8. O-O
O-O 9. Be3 c4 10. Nxf6+ Bxf6 11. d4 Bd7 12. Qe2 Rc8 13. c3 Ne7 14. Bg5 Bxg5 15.
Nxg5 Bc6 16. Bxc6 Rxc6 17. Qe4 Nf5 18. Nf3 f6 19. Rfe1 Qd5 20. Nd2 Qxe4 21.
Nxe4 b6 22. Re2 Kf7 23. Rae1 Rd8 24. Nd2 Ne7 25. Nf1 Nd5 26. Ne3 Rd7 27. Nxd5
Rxd5 28. Kg2 h5 29. h4 Ra5 30. a3 Rd5 1/2-1/2

[Event "2. BUNDESLIGA MITTE 2014/2015"]
[Site "Aschach"]
[Date "2014.10.05"]
[Round "3"]
[Board "2"]
[White "Petschar, Kurt"]
[Black "Konrad, Edmund"]
[Result "1-0"]
[WhiteElo "2271"]
[BlackElo "2187"]
[PlyCount "95"]
[EventDate "2014.10.03"]
[EventType "team"]
[EventRounds "11"]
[EventCountry "AUT"]
[WhiteTeam "SC Die Klagenfurter"]
[BlackTeam "Union Hartkirchen - Sektion Schach"]

1. d4 d5 2. c4 e6 3. Nc3 Nf6 4. Nf3 c6 5. Qb3 Qb6 6. c5 Qd8 7. Qc2 b6 8. cxb6
axb6 9. e4 dxe4 10. Nxe4 Nxe4 11. Qxe4 Bb4+ 12. Bd2 Qd5 13. Qxd5 Bxd2+ 14. Kxd2
exd5 15. Bd3 O-O 16. Rhe1 f6 17. a4 Bd7 18. b4 Na6 19. Reb1 Nc7 20. a5 b5 21.
Re1 Rfe8 22. h4 Na6 23. Kc3 Bg4 24. Nh2 Bd7 25. Nf1 g6 26. f3 Rxe1 27. Rxe1 Re8
28. Rxe8+ Bxe8 29. g4 Bd7 30. g5 f5 31. Ne3 Kf7 32. Ng2 Ke7 33. Nf4 Nc7 34. Bc2
Na6 35. Nd3 Ke6 36. Bb1 Ke7 37. Ne5 Be8 38. h5 Ke6 39. Nd3 Bd7 40. Bc2 Ke7 41.
h6 Ke6 42. Kd2 Ke7 43. Ke3 Ke6 44. Kf4 Ke7 45. Ke5 Be6 46. Nc5 Nxc5 47. dxc5
Bc8 48. Bd3 1-0

[Event "2. BUNDESLIGA MITTE 2014/2015"]
[Site "Aschach"]
[Date "2014.10.05"]
[Round "3"]
[Board "3"]
[White "Windhager, Hannes"]
[Black "Wertjanz, David"]
[Result "1-0"]
[WhiteElo "2187"]
[BlackElo "2242"]
[PlyCount "65"]
[EventDate "2014.10.03"]
[EventType "team"]
[EventRounds "11"]
[EventCountry "AUT"]
[WhiteTeam "Union Hartkirchen - Sektion Schach"]
[BlackTeam "SC Die Klagenfurter"]

1. e4 c5 2. Nf3 d6 3. d4 cxd4 4. Nxd4 Nf6 5. Nc3 Nc6 6. Bc4 e6 7. Bb3 a6 8. Be3
Be7 9. O-O O-O 10. f4 Nxd4 11. Bxd4 b5 12. e5 dxe5 13. fxe5 Nd7 14. Ne4 Bb7 15.
Nd6 Bxd6 16. exd6 e5 17. Be3 Rc8 18. Qh5 Nf6 19. Qxe5 Re8 20. Qg3 Re4 21. h3
Kh8 22. Rad1 Qd7 23. Rd4 Rce8 24. Rd3 a5 25. c3 b4 26. Rxf6 gxf6 27. Bd4 Re1+
28. Kh2 Rf1 29. Qg5 Qf5 30. Qxf5 Rxf5 31. Bxf7 Re2 32. Rg3 Bc6 33. Rg8# 1-0

[Event "2. BUNDESLIGA MITTE 2014/2015"]
[Site "Aschach"]
[Date "2014.10.05"]
[Round "3"]
[Board "4"]
[White "Genser, Harald"]
[Black "Mayerhofer, Peter"]
[Result "1-0"]
[WhiteElo "2277"]
[BlackElo "2190"]
[PlyCount "65"]
[EventDate "2014.10.03"]
[EventType "team"]
[EventRounds "11"]
[EventCountry "AUT"]
[WhiteTeam "SC Die Klagenfurter"]
[BlackTeam "Union Hartkirchen - Sektion Schach"]

1. d4 f5 2. g3 Nf6 3. Bg2 g6 4. Nf3 Bg7 5. O-O O-O 6. b3 d6 7. Bb2 c6 8. c4 Na6
9. Qc2 Bd7 10. Nbd2 Rc8 11. Bc3 c5 12. d5 b5 13. a3 Nc7 14. Rfe1 e5 15. dxe6
Nxe6 16. Rad1 Qc7 17. cxb5 Bxb5 18. e4 fxe4 19. Nxe4 Nxe4 20. Rxe4 Rce8 21.
Rde1 Bxc3 22. Qxc3 Ng7 23. Rxe8 Rxe8 24. Rxe8+ Bxe8 25. Ng5 Qe7 26. Bd5+ Kh8
27. h4 h6 28. Ne4 Bf7 29. Bxf7 Qxe4 30. Qf6 Kh7 31. Qd8 Qe1+ 32. Kg2 Qe4+ 33.
Kh2 1-0

[Event "2. BUNDESLIGA MITTE 2014/2015"]
[Site "Aschach"]
[Date "2014.10.05"]
[Round "3"]
[Board "5"]
[White "Kleibel, Uwe"]
[Black "Titz, Heimo"]
[Result "1-0"]
[WhiteElo "2210"]
[BlackElo "2120"]
[PlyCount "123"]
[EventDate "2014.10.03"]
[EventType "team"]
[EventRounds "11"]
[EventCountry "AUT"]
[WhiteTeam "Union Hartkirchen - Sektion Schach"]
[BlackTeam "SC Die Klagenfurter"]

1. e4 c5 2. Nf3 e6 3. g3 Nc6 4. Bg2 Nf6 5. Qe2 d5 6. exd5 Nxd5 7. O-O Be7 8.
Rd1 O-O 9. d4 cxd4 10. Nxd4 Nxd4 11. Rxd4 Bf6 12. Rd1 Qb6 13. c4 Qa6 14. Nd2
Nb6 15. Ne4 Be7 16. b3 Nd7 17. Bb2 f6 18. Nc3 Ne5 19. Nb5 Qb6 20. Bd4 Bc5 21.
Bxc5 Qxc5 22. Nd6 Rb8 23. Ne4 Qc7 24. f4 Nf7 25. Qe3 b6 26. c5 f5 27. cxb6 axb6
28. Rac1 Qe7 29. Nc3 Bb7 30. Nd5 Bxd5 31. Bxd5 Rfe8 32. Re1 Kf8 33. Qxe6 Qxe6
34. Bxe6 Nd6 35. Re5 g6 36. Rc7 Rb7 37. Rxb7 Nxb7 38. Bd5 Nd6 39. Rxe8+ Nxe8
40. Kf2 Ke7 41. Ke3 Kd6 42. Kd4 Nf6 43. Bf3 Nd7 44. a4 Nc5 45. Bd5 h6 46. h4
Nd7 47. b4 Nf6 48. Bf3 Ne8 49. a5 bxa5 50. bxa5 Nc7 51. Kc4 Na6 52. Kb5 Nc5 53.
a6 Nxa6 54. Kxa6 Kc5 55. h5 gxh5 56. Bxh5 Kd4 57. g4 Ke4 58. g5 hxg5 59. fxg5
Ke5 60. Kb5 f4 61. g6 Kf6 62. Kc4 1-0

[Event "2. BUNDESLIGA MITTE 2014/2015"]
[Site "Aschach"]
[Date "2014.10.05"]
[Round "3"]
[Board "6"]
[White "Singer, Hans"]
[Black "Ganglberger, Robert"]
[Result "1/2-1/2"]
[WhiteElo "2163"]
[BlackElo "2043"]
[PlyCount "72"]
[EventDate "2014.10.03"]
[EventType "team"]
[EventRounds "11"]
[EventCountry "AUT"]
[WhiteTeam "SC Die Klagenfurter"]
[BlackTeam "Union Hartkirchen - Sektion Schach"]

1. d4 Nf6 2. c4 g6 3. Nc3 Bg7 4. e4 d6 5. Nf3 O-O 6. Be2 Nc6 7. d5 Ne5 8. Nxe5
dxe5 9. Be3 e6 10. O-O Qe7 11. Qb3 b6 12. Rac1 Rd8 13. Rfd1 Bf8 14. f3 Bd7 15.
Nb5 Bxb5 16. Qxb5 Rac8 17. a3 Nd7 18. b4 a5 19. Rb1 Ra8 20. dxe6 Qxe6 21. Qd5
Qf6 22. Qd2 Be7 23. Qc3 Qe6 24. Rd2 axb4 25. axb4 Nf8 26. Rd5 f6 27. c5 Kg7 28.
Bc4 Qc8 29. Rbd1 bxc5 30. bxc5 c6 31. Rxd8 Bxd8 32. Qd3 Be7 33. h3 Ra7 34. Qb3
Qb7 35. Qb6 Nd7 36. Qxb7 Rxb7 1/2-1/2

[Event "2. BUNDESLIGA MITTE 2014/2015"]
[Site "Aschach"]
[Date "2014.10.05"]
[Round "3"]
[Board "1"]
[White "Horvath, Adam"]
[Black "Krebs, Johann"]
[Result "1-0"]
[WhiteElo "2530"]
[BlackElo "2265"]
[PlyCount "67"]
[EventDate "2014.10.03"]
[EventType "team"]
[EventRounds "11"]
[EventCountry "AUT"]
[WhiteTeam "RbEJ Gleisdorf"]
[BlackTeam "Strassenbahn Graz"]

1. e4 c5 2. Nf3 Nc6 3. Bb5 g6 4. Bxc6 dxc6 5. d3 Bg7 6. h3 Nf6 7. Nc3 Nd7 8.
Be3 e5 9. Qd2 h6 10. O-O Qe7 11. Nh2 Nf8 12. f4 exf4 13. Bxf4 Ne6 14. Bg3 Nd4
15. Rae1 Be6 16. e5 Bf5 17. Ne4 Bxe4 18. Rxe4 O-O-O 19. Qa5 Nf5 20. Bf2 b6 21.
Qa6+ Kb8 22. b4 Rd5 23. bxc5 Rxc5 24. Rb1 Rb5 25. Rxb5 cxb5 26. Qxb5 Qe6 27.
Nf3 Rd8 28. a4 Bf8 29. g4 Rd5 30. Qb3 Ne7 31. Nd4 Qc8 32. Rf4 Rxe5 33. Qxf7 g5
34. Rf6 1-0

[Event "2. BUNDESLIGA MITTE 2014/2015"]
[Site "Aschach"]
[Date "2014.10.05"]
[Round "3"]
[Board "2"]
[White "Pesorda, Ivan"]
[Black "Horvath, Tamas"]
[Result "1-0"]
[WhiteElo "2236"]
[BlackElo "2354"]
[PlyCount "90"]
[EventDate "2014.10.03"]
[EventType "team"]
[EventRounds "11"]
[EventCountry "AUT"]
[WhiteTeam "Strassenbahn Graz"]
[BlackTeam "RbEJ Gleisdorf"]

1. d4 e6 2. Nf3 c5 3. c4 cxd4 4. Nxd4 Nf6 5. Nc3 Bb4 6. Ndb5 O-O 7. a3 Bxc3+ 8.
Nxc3 d5 9. e3 Nc6 10. cxd5 exd5 11. Be2 Bf5 12. O-O Qd7 13. Nb5 Rac8 14. b3 Ne4
15. Bb2 Nc5 16. Rc1 Ne6 17. Qd2 Rfd8 18. Rfd1 Qe7 19. b4 Qg5 20. Kh1 Bg4 21.
Bxg4 Qxg4 22. h3 Qg6 23. Nd4 Ncxd4 24. Bxd4 b6 25. Rc3 h6 26. Rd3 Nxd4 27. Rxd4
Rc2 28. Qe1 Rb2 29. Kg1 Qc2 30. Qd2 Qb3 31. Qd3 Qa2 32. Qf5 Qb3 33. R1d3 Qc2
34. e4 Rd6 35. e5 Rg6 36. g4 Rg5 37. Qf4 Rb1+ 38. Kg2 Re1 39. Rxd5 Qb1 40. Rd8+
Kh7 41. Qxf7 Rg1+ 42. Kf3 R1xg4 43. Qg8+ Kg6 44. R8d6+ Kh5 45. hxg4+ Kh4 1-0

[Event "2. BUNDESLIGA MITTE 2014/2015"]
[Site "Aschach"]
[Date "2014.10.05"]
[Round "3"]
[Board "3"]
[White "Frosch, Ronald"]
[Black "Steiner, Stefan"]
[Result "1-0"]
[WhiteElo "2196"]
[BlackElo "2269"]
[PlyCount "49"]
[EventDate "2014.10.03"]
[EventType "team"]
[EventRounds "11"]
[EventCountry "AUT"]
[WhiteTeam "RbEJ Gleisdorf"]
[BlackTeam "Strassenbahn Graz"]

1. d4 Nf6 2. Nf3 e6 3. e3 c5 4. Bd3 b6 5. O-O Bb7 6. b3 Be7 7. Bb2 O-O 8. c4 d6
9. Nc3 Nbd7 10. Qe2 a6 11. Rad1 Re8 12. Bb1 Qc7 13. Ng5 h6 14. f4 Bf8 15. Nf3
cxd4 16. exd4 e5 17. fxe5 dxe5 18. d5 Ng4 19. Ng5 Bc5+ 20. Kh1 Ndf6 21. Nge4
Bd4 22. Rxf6 Bxc3 23. Bxc3 Nxf6 24. Nxf6+ gxf6 25. Qg4+ 1-0

[Event "2. BUNDESLIGA MITTE 2014/2015"]
[Site "Aschach"]
[Date "2014.10.05"]
[Round "3"]
[Board "4"]
[White "Teuschler, Barbara"]
[Black "Wegerer, Fred"]
[Result "0-1"]
[WhiteElo "2174"]
[BlackElo "2157"]
[PlyCount "114"]
[EventDate "2014.10.03"]
[EventType "team"]
[EventRounds "11"]
[EventCountry "AUT"]
[WhiteTeam "Strassenbahn Graz"]
[BlackTeam "RbEJ Gleisdorf"]

1. e4 g6 2. d4 Bg7 3. Nc3 c6 4. f4 d5 5. e5 Nh6 6. Be2 f6 7. Nf3 O-O 8. O-O Bg4
9. h3 Bxf3 10. Bxf3 fxe5 11. fxe5 e6 12. Ne2 Nd7 13. Kh2 Qb6 14. c3 Rae8 15.
Qc2 c5 16. Bg5 Nf5 17. g4 Ne7 18. Qd2 cxd4 19. cxd4 Nc6 20. Kh1 Qb4 21. Bg2
Qxd2 22. Bxd2 Nb6 23. b3 Rc8 24. Rac1 Rxf1+ 25. Bxf1 Bf8 26. a4 a6 27. Kg2 Ba3
28. Rc2 Be7 29. a5 Na8 30. b4 Nc7 31. Kf3 Rf8+ 32. Kg2 Nb5 33. Rb2 Kf7 34. Nc3
Nbxd4 35. b5 Nxe5 36. bxa6 bxa6 37. Bxa6 Ra8 38. Bb7 Rxa5 39. Nxd5 Rxd5 40.
Bxd5 exd5 41. Bc3 Ndc6 42. Rb5 Ke6 43. Rb6 Bc5 44. Rb7 d4 45. Bxd4 Bxd4 46.
Rxh7 Ne7 47. g5 Nd5 48. h4 Kf5 49. Kg3 Nf4 50. Rh8 Ke4 51. Rf8 Nh5+ 52. Kh3 Nc4
53. Rg8 Ne3 54. Kh2 Kf3 55. Rf8+ Kg4 56. Re8 Nf4 57. Re4 Nf1+ 0-1